000 00576cam a2200181 4500500
005 20260329003328.0
041 _afre
042 _adc
100 1 0 _aFereday, Jack
_eauthor
245 0 0 _aLa Clinique de Dostoïevski ou les enseignements de la folie
260 _c2015.
500 _a82
690 _aMichel Eltchaninoff
690 _aPionnier
690 _aPsychanalyse
786 0 _nPhilosophie magazine | 90 | 6 | 2015-06-01 | p. 60-60 | 1951-1787
856 4 1 _uhttps://shs.cairn.info/magazine-philosophie-magazine-2015-6-page-60?lang=fr&redirect-ssocas=7080
999 _c1823585
_d1823585